• 首页
  • 本馆介绍
  • 公告通知
  • 最新文献
  • 馆藏检索
  • 电子资源
  • 读者导购
  • 参考咨询
  • 我的图书馆
  • 登录
  • 详细信息显示
  • 放入我的书架
  • 预约/预借图书
  • 作者相关作品
  • 分类相关作品
  • 丛书相关作品
  • 出版社相关作品

书目信息

  • 表格格式
  • 工作单格式
  • 卡片格式
题名:
从大繁荣到大萧条
    
 
作者: 艾伦, 著 ;李思毓 译
分册:  
出版信息: 北京   北京理工大学出版社  2017.06
页数: 313页
开本: 24cm
丛书名:
单 册:
中图分类: F171.244
科图分类:
主题词: 经济危机--jing ji wei ji--研究--美国
电子资源:
ISBN: 978-7-5682-1441-4
000 01215nam0 2200265 450
001 CAL 0120172209520
005 20171211153034.60
010    @a978-7-5682-1441-4@b精装@dCNY49.80
100    @a20170610d2017 em y0chiy50 ea
101 1  @achi@ceng
102    @aCN@b110000
105    @ay z 000yy
106    @ar
200 1  @a从大繁荣到大萧条@Acong da fan rong dao da xiao tiao@e1918-1929@d= Only yesterday an informal history of the 1920s@e1918-1929@f(美) 弗雷德里克·刘易斯·艾伦著@g李思毓译@zeng
210    @a北京@c北京理工大学出版社@d2017.06
215    @a313页@c@d24cm
330    @a本书详细记载了美国“一战”后的繁荣到1929年华尔街大崩盘的历史, 是一部公认的经典金融史著作。美国经济从繁荣到萧条, 大有“其兴也勃焉, 其亡也忽焉”之感, 对当今世界, 包括中国在内的所有国家都有着极其重要的参考价值。了解这段历史有助于我们正视繁荣与萧条并存的经济现状, 预知未来经济趋势。
500 10 @aOnly yesterday an informal history of the 1920s : 1918-1929@mChinese
606 0  @a经济危机@Ajing ji wei ji@x研究@y美国
690    @aF171.244@v5
701  1 @a艾伦,@Aai lun@b弗雷德里克·刘易斯@4著
702  0 @a李思毓@Ali si yu@4译
801  0 @aCN@b人天书店@c20170610@g
905    @aBZT@dF171.244@e1
906    @dCNY49.80@n3@r1
    
    从大繁荣到大萧条:1918-1929= Only yesterday an informal history of the 1920s:1918-1929/(美) 弗雷德里克·刘易斯·艾伦著/李思毓译.-北京:北京理工大学出版社,2017.06
    313页;24cm
    
    
    ISBN 978-7-5682-1441-4(精装):CNY49.80
    本书详细记载了美国“一战”后的繁荣到1929年华尔街大崩盘的历史, 是一部公认的经典金融史著作。美国经济从繁荣到萧条, 大有“其兴也勃焉, 其亡也忽焉”之感, 对当今世界, 包括中国在内的所有国家都有着极其重要的参考价值。了解这段历史有助于我们正视繁荣与萧条并存的经济现状, 预知未来经济趋势。
●
相关链接 在五车中查询图书 在当当中查询图书 在豆瓣中查询图书


正题名:从大繁荣到大萧条     索取号:F171.244/1         预约/预借

序号 登录号 条形码 馆藏地/架位号 状态 备注
1 834151   2000834151   第二书库/ [索取号:F171.244/1] 在馆    
2 834152   2000834152   第二书库/ [索取号:F171.244/1] 在馆    
3 834153   2000834153   第二书库/ [索取号:F171.244/1] 在馆    
山东省滨州职业学院图书馆 欢迎您!
大连网信软件有限公司© 版权所有